=LDR 00000nam 2200000 4500 =001 INLIS000000000016215 =005 20130612111502 =008 ***********************************Ind** =035 ##$$0010-061300000016215 =041 ##$$a Ind =082 ##$$a 634.902 =090 ##$$a 634.902, Pam h =100 ##$$a Pamulardi, Bambang =245 ##$$a Hukum kehutanan dan pembangunan kehutanan, Bambang Pamulardi =260 ##$$a 1996 $b Jakarta =300 ##$$a XIX, 425 hlm., 21 cm =650 ##$$a Hutan =850 ##$$a NBPNMAT